000 01219nam0a22002291 4500
001 rc\3940411
005 20260407044628.0
035 _a(NLR Aleph) 007919540
090 _a8148924
_c8148924
100 _a20130415a19569999|||y0rusy50 ca
101 0 _arus
102 _aRU
105 _ay z |||||
200 1 _aНаучно-технический информационный бюллетень
_eВып. 1-
_fМ-во высш. образ. УССР. Днепропетровский ордена Труд. Красного Знамени металлург. ин-т им. И.В. Сталина
210 _aХарьков
_cИзд-во Харьк. ордена Труд. Красного Знамени гос. ун-та им. А.М. Горького
_d1956-
710 0 2 _aДнепропетровский металлургический институт
_3RU\NLR\AUTH\8810017293
_9532433
801 0 _aRU
_bNLR
_gpsbo
801 1 _aRU
_bELAR
_2rusmarc
830 _aПеречень имеющихся в библиотеке томов, номеров, годов этого издания смотри в каталоге периодических изданий
852 _aNLR
_jП10/1704
942 _cBOOK
980 _aNB